All Solo-Beatboxers GBB 2019 - Statistics

General Stats
  • This quiz has been taken 76 times
  • The average score is 13 of 16
Answer Stats
Answer % Correct
πŸ‡¬πŸ‡§ D-low
100%
πŸ‡«πŸ‡· Colaps
98%
πŸ‡¦πŸ‡Ί Codfish
97%
πŸ‡«πŸ‡· River
95%
πŸ‡³πŸ‡± B-Art
92%
πŸ‡¨πŸ‡± Tomazacre
90%
πŸ‡ͺπŸ‡Έ Zekka
85%
πŸ‡§πŸ‡ͺ FootBoxG
83%
πŸ‡¨πŸ‡¦ ELISII
81%
πŸ‡―πŸ‡΅ Bataco
71%
πŸ‡ΊπŸ‡Έ Audical
69%
πŸ‡―πŸ‡΅ Show-Go
69%
πŸ‡»πŸ‡³ Trung Bao
69%
πŸ‡«πŸ‡· MB14
68%
πŸ‡°πŸ‡· H-Has
63%
πŸ‡°πŸ‡· Cloud
41%
No matching quizzes found
Score Distribution
Percent of People with Each Score
Percentile by Number Answered
Your Score History
You have not taken this quiz